000 00513nam a2200193 a 4500
005 20140310183133.0
008 970101s19uu xx 00 eng d
020 _a0716728729
050 _aQD 33
_b.B663 2000
100 _aBlei, Ira
245 _aGeneral, organic and biochemistry /
_cIra Blei.
260 _aNew York :
_bW.H. Freeman,
_c2000.
300 _a775 p. :
_bcol. ill. ;
_c29 cm.
500 _aW/ CD-ROM
650 _aChemistry
650 _aChemistry
942 _cBK
_2lcc
_kFOR
999 _c19217
_d19217